000 00505nam a2200181Ia 4500
001 20671
005 20260306172823.0
008 260306t2016||||xx |||||||||||||| ||spa||
041 _aESP
082 _a343.6
_bM61
110 _aMinisterio de Comercio Exterior y Turismo
245 0 _aContratación pública en el Acuerdo de Promoción Comercial (APC):
_bEstados Unidos
260 _c2016
300 _apáginas sin numerar :
_c28 cm.
650 _aGEN
654 _aCDE
942 _cLIB
_dJUS
_fJUS
_2ddc
_n
999 _c20671
_d20671